<?xml version="1.0" encoding="UTF-8"?>
<record
    xmlns:xsi="http://www.w3.org/2001/XMLSchema-instance"
    xsi:schemaLocation="http://www.loc.gov/MARC21/slim http://www.loc.gov/standards/marcxml/schema/MARC21slim.xsd"
    xmlns="http://www.loc.gov/MARC21/slim">

  <leader>01046nam a2200325Ia 4500</leader>
  <controlfield tag="001">dia_1008</controlfield>
  <controlfield tag="003">CHAP</controlfield>
  <controlfield tag="005">20230608140409.0</controlfield>
  <controlfield tag="008">220117s1995    xx            000 0 und d</controlfield>
  <datafield tag="010" ind1=" " ind2=" ">
    <subfield code="a">176651</subfield>
  </datafield>
  <datafield tag="020" ind1=" " ind2=" ">
    <subfield code="a">978-970-15-0127-6 \ 970-15-0127-6</subfield>
  </datafield>
  <datafield tag="040" ind1=" " ind2=" ">
    <subfield code="c">CHAP</subfield>
  </datafield>
  <datafield tag="082" ind1=" " ind2=" ">
    <subfield code="a">621.31042 B73 1995</subfield>
  </datafield>
  <datafield tag="100" ind1=" " ind2=" ">
    <subfield code="a">Bratu Serb&#xE1;n, Neagu</subfield>
    <subfield code="9">159258</subfield>
  </datafield>
  <datafield tag="245" ind1=" " ind2=" ">
    <subfield code="a">Instalaciones el&#xE9;ctricas : conceptos b&#xE1;sicos y dise&#xF1;o  /</subfield>
    <subfield code="c"> Neagu Bratu Serb&#xE1;n y Eduardo Campero Littlewood</subfield>
  </datafield>
  <datafield tag="250" ind1=" " ind2=" ">
    <subfield code="a">2a ed.</subfield>
  </datafield>
  <datafield tag="260" ind1=" " ind2=" ">
    <subfield code="a">M&#xE9;xico  :</subfield>
    <subfield code="b"> Alfaomega,</subfield>
    <subfield code="c">1995</subfield>
  </datafield>
  <datafield tag="300" ind1=" " ind2=" ">
    <subfield code="a">240 p., [3] h. pleg.</subfield>
  </datafield>
  <datafield tag="504" ind1=" " ind2=" ">
    <subfield code="a">Bibliograf&#xED;a: p. 227</subfield>
  </datafield>
  <datafield tag="590" ind1=" " ind2=" ">
    <subfield code="a">TK3201 B73 1995</subfield>
  </datafield>
  <datafield tag="650" ind1=" " ind2=" ">
    <subfield code="a">Electric lines</subfield>
    <subfield code="9">159259</subfield>
  </datafield>
  <datafield tag="650" ind1=" " ind2=" ">
    <subfield code="a">Electric wiring  </subfield>
    <subfield code="9">149731</subfield>
  </datafield>
  <datafield tag="650" ind1=" " ind2=" ">
    <subfield code="a">Instalaciones el&#xE9;ctricas  </subfield>
    <subfield code="9">58971</subfield>
  </datafield>
  <datafield tag="650" ind1=" " ind2=" ">
    <subfield code="a">L&#xED;neas el&#xE9;ctricas  </subfield>
    <subfield code="9">67486</subfield>
  </datafield>
  <datafield tag="700" ind1=" " ind2=" ">
    <subfield code="a">Campero Littlewood, Eduardo, coaut.</subfield>
    <subfield code="9">159260</subfield>
  </datafield>
  <datafield tag="901" ind1=" " ind2=" ">
    <subfield code="a">621.31042 B73 1995</subfield>
  </datafield>
  <datafield tag="902" ind1=" " ind2=" ">
    <subfield code="a">A</subfield>
  </datafield>
  <datafield tag="905" ind1=" " ind2=" ">
    <subfield code="a">5232271995                          mx aemn8222223322spa16</subfield>
  </datafield>
  <datafield tag="942" ind1=" " ind2=" ">
    <subfield code="c">LIBRO</subfield>
    <subfield code="2">ddc</subfield>
  </datafield>
  <datafield tag="999" ind1=" " ind2=" ">
    <subfield code="c">176651</subfield>
    <subfield code="d">176651</subfield>
  </datafield>
  <datafield tag="952" ind1=" " ind2=" ">
    <subfield code="0">0</subfield>
    <subfield code="1">0</subfield>
    <subfield code="2">ddc</subfield>
    <subfield code="4">0</subfield>
    <subfield code="7">0</subfield>
    <subfield code="8">GRAL</subfield>
    <subfield code="a">IA_</subfield>
    <subfield code="b">IA_</subfield>
    <subfield code="c">1</subfield>
    <subfield code="d">2022-01-18</subfield>
    <subfield code="f">1</subfield>
    <subfield code="l">0</subfield>
    <subfield code="p">dia_008301</subfield>
    <subfield code="r">2022-01-18 00:00:00</subfield>
    <subfield code="t">3</subfield>
    <subfield code="w">2022-01-18</subfield>
    <subfield code="y">LIBRO</subfield>
  </datafield>
  <datafield tag="952" ind1=" " ind2=" ">
    <subfield code="0">0</subfield>
    <subfield code="1">0</subfield>
    <subfield code="2">ddc</subfield>
    <subfield code="4">0</subfield>
    <subfield code="7">0</subfield>
    <subfield code="8">GRAL</subfield>
    <subfield code="a">IA_</subfield>
    <subfield code="b">IA_</subfield>
    <subfield code="c">1</subfield>
    <subfield code="d">2022-01-18</subfield>
    <subfield code="f">1</subfield>
    <subfield code="l">0</subfield>
    <subfield code="p">dia_008299</subfield>
    <subfield code="r">2022-01-18 00:00:00</subfield>
    <subfield code="t">1</subfield>
    <subfield code="w">2022-01-18</subfield>
    <subfield code="y">LIBRO</subfield>
  </datafield>
  <datafield tag="952" ind1=" " ind2=" ">
    <subfield code="0">0</subfield>
    <subfield code="1">0</subfield>
    <subfield code="2">ddc</subfield>
    <subfield code="4">0</subfield>
    <subfield code="7">0</subfield>
    <subfield code="8">GRAL</subfield>
    <subfield code="a">IA_</subfield>
    <subfield code="b">IA_</subfield>
    <subfield code="c">1</subfield>
    <subfield code="d">2022-01-18</subfield>
    <subfield code="f">1</subfield>
    <subfield code="l">0</subfield>
    <subfield code="p">dia_008300</subfield>
    <subfield code="r">2022-01-18 00:00:00</subfield>
    <subfield code="t">2</subfield>
    <subfield code="w">2022-01-18</subfield>
    <subfield code="y">LIBRO</subfield>
  </datafield>
</record>
